000
00292nam a2200121 a 4500
005
20140414132118.0
008
110714s19uu xx 00 eng d
050
_a
ER
_b
N95 1995
100
_a
Kidd, Ronald
245
_a
The Nutcracker.
260
_a
U.S.A :
_b
Landoll,
_c
1994.
999
_c
114970
_d
114970